MARC

LEADER 00000nam a2200000Ia 4500
001 10435
008 160829s1993 xx 000 0 cat d
080 |a B-1-375 
245 |a Catalunya :  |b  Museus 
260 |a Barcelona :  |b Generalitat de Catalunya, Departament de Comerç, Consum i Turisme,  |c 1993 
300 |a XIV, 54 p. 
650 |a Museus  |x Catalunya  |x Guies  |9 49099 
700 |a Catalunya. Departament de Comerç, Consum i Turisme  |9 20086 
901 |a Arxiu 
942 |n 1 
952 |0 0  |1 0  |4 0  |6 B1375  |7 1  |9 41430  |a Arxiu  |b Arxiu  |d 2016-12-01  |l 0  |o B-1-375  |p 10435  |r 2016-12-01 00:00:00  |w 2016-12-01  |y ARXIU 
999 |c 43237  |d 43237